Industry's democratic revolution
Gespeichert in:
| 1. Verfasser: | |
|---|---|
| Format: | Buch |
| Sprache: | Undetermined |
| Veröffentlicht: |
London
Allen and Unwin
1974
|
| Schlagworte: | |
| Tags: |
Tag hinzufügen
Keine Tags, Fügen Sie den ersten Tag hinzu!
|
| Thư viện lưu trữ: | Trung tâm Học liệu Trường Đại học Cần Thơ |
|---|
| LEADER | 00520nam a2200181Ia 4500 | ||
|---|---|---|---|
| 001 | CTU_79192 | ||
| 008 | 210402s9999 xx 000 0 und d | ||
| 082 | |a 331.89 | ||
| 082 | |b L665 | ||
| 100 | |a Levinson, Charles | ||
| 245 | 0 | |a Industry's democratic revolution | |
| 245 | 0 | |c Charles Levinson | |
| 260 | |a London | ||
| 260 | |b Allen and Unwin | ||
| 260 | |c 1974 | ||
| 650 | |a Industrial sociology,Labor unions,Management | ||
| 650 | |x Employee participation | ||
| 980 | |a Trung tâm Học liệu Trường Đại học Cần Thơ | ||